[Event "Bad Wörishofen op 2012 28th"]
[Site "Bad Wörishofen (2.3.-10.3)"]
[Date "2012.03.02"]
[Round "1.35"]
[White "Mueller, Wolfgang(10.61)"]
[Black "Babar, Michael"]
[Result "0-1"]
[WhiteElo "1753"]
[BlackElo "2161"]
[PlyCount "100"]
[EventDate "2012.03.??"]
[EventType "swiss"]
[EventRounds "9"]
[EventCountry "GER"]
[SourceDate "2013.02.18"]
[WhiteTeam "Marktoberdorf SK"]
[BlackTeam "Dortmund Hansa SC"]

1. e4 c5 2. Nf3 e6 3. d4 cxd4 4. Nxd4 a6 5. Be2 Qc7 6. O-O Nf6 7. Qd3 Be7 8.
Nc3 O-O 9. f4 d6 10. Kh1 Nc6 11. Nxc6 bxc6 12. Qg3 Nd7 13. f5 Bf6 14. fxe6 fxe6
15. Be3 Rb8 16. Rab1 Be5 17. Rxf8+ Nxf8 18. Bf4 Ng6 19. Bxe5 Nxe5 20. b3 Bb7
21. Rf1 c5 22. Qh3 Qe7 23. Qg3 Rd8 24. Bf3 Rf8 25. Kg1 Qc7 26. Qh3 Bc8 27. Ne2
c4 28. Rd1 Qc5+ 29. Kh1 Qe3 30. Nd4 Nxf3 31. Nxf3 cxb3 32. cxb3 Qxe4 33. Rxd6
Qb1+ 34. Ng1 Qxa2 35. Qd3 Bb7 36. Qg3 Bd5 37. Rd7 Qb2 38. h4 h6 39. Kh2 Rf2 40.
Rd8+ Kf7 41. Qc7+ Kg6 42. Qg3+ Kh7 43. Qd3+ g6 44. Rd7+ Kh8 45. Rd8+ Kg7 46.
Rd7+ Kf8 47. Nf3 Rxf3 48. Qxg6 Qe5+ 49. Kg1 Qe3+ 50. Kh2 Rh3+ 0-1

[Event "Bad Wörishofen op 2012 28th"]
[Site "Bad Wörishofen (2.3.-10.3)"]
[Date "2012.03.02"]
[Round "1.36"]
[White "Lampert, Jonas"]
[Black "Bauder, Herbert"]
[Result "1-0"]
[WhiteElo "2216"]
[BlackElo "1838"]
[PlyCount "117"]
[EventDate "2012.03.??"]
[EventType "swiss"]
[EventRounds "9"]
[EventCountry "GER"]
[SourceDate "2013.02.18"]
[WhiteTeam "Hamburger SK"]
[BlackTeam "Berlin Lasker Steglitz SG"]

1. e4 c5 2. Nf3 Nc6 3. d4 cxd4 4. Nxd4 Nf6 5. Nc3 e5 6. Ndb5 d6 7. Bg5 a6 8.
Na3 b5 9. Nd5 Be7 10. Bxf6 Bxf6 11. c3 Bg5 12. Nc2 O-O 13. a4 bxa4 14. Rxa4 a5
15. Bc4 Rb8 16. b3 Be6 17. Nce3 Bxe3 18. Nxe3 Qc7 19. Nd5 Bxd5 20. Qxd5 Ra8 21.
O-O Ne7 22. Qd3 Ra7 23. Ra2 Rc8 24. Rd1 Rd8 25. h4 Nc8 26. Bb5 Ne7 27. Qg3 Qc5
28. Bc4 a4 29. Qf3 Rf8 30. Qe3 Qxe3 31. fxe3 Rd8 32. Rda1 Rda8 33. Rxa4 Rxa4
34. Rxa4 Rxa4 35. bxa4 Nc6 36. Bd5 Na7 37. Kf2 Kf8 38. Ke2 Ke7 39. Kd3 f6 40.
a5 Kd7 41. Bb7 Kc7 42. a6 Kb6 43. c4 Kc5 44. Kc3 h5 45. Kb3 g5 46. g3 Nc6 47.
Bxc6 Kxc6 48. c5 dxc5 49. Kc4 Kb6 50. a7 Kxa7 51. Kxc5 gxh4 52. gxh4 Ka6 53.
Kd5 Kb5 54. Ke6 Kc4 55. Kxf6 Kd3 56. Kxe5 Kxe3 57. Kf5 Kf3 58. e5 Kg3 59. Kg5
1-0

[Event "Bad Wörishofen op 2012 28th"]
[Site "Bad Wörishofen (2.3.-10.3)"]
[Date "2012.03.02"]
[Round "1.37"]
[White "Wiesbeck, Florian"]
[Black "Mader, Manuela"]
[Result "0-1"]
[WhiteElo "1615"]
[BlackElo "2156"]
[PlyCount "84"]
[EventDate "2012.03.??"]
[EventType "swiss"]
[EventRounds "9"]
[EventCountry "GER"]
[SourceDate "2013.02.18"]
[WhiteTeam "AUT/Österreich"]
[BlackTeam "Ettlingen SK"]
[WhiteTeamCountry "AUT"]

1. d4 Nf6 2. c4 g6 3. Nc3 Bg7 4. e4 d6 5. f3 O-O 6. Be3 Nc6 7. Qd2 a6 8. Rc1 e5
9. Nge2 Nd7 10. d5 Ne7 11. Bg5 f6 12. Be3 f5 13. Bh6 f4 14. Bxg7 Kxg7 15. Nd1
h6 16. Nf2 g5 17. Nd3 b6 18. Nc3 Nf6 19. Be2 Qe8 20. Bd1 g4 21. Qf2 Qh5 22. Kd2
Kh7 23. Be2 Rg8 24. Rcg1 gxf3 25. gxf3 Bd7 26. Rxg8 Rxg8 27. Rg1 Rg5 28. Ne1
Qg6 29. Rxg5 hxg5 30. Qg2 Qh5 31. Nd1 Ng6 32. Nf2 Nh4 33. Qg1 Qg6 34. Ng2 Nxg2
35. Qxg2 Kh6 36. a3 b5 37. cxb5 axb5 38. Ng4+ Bxg4 39. fxg4 Nxe4+ 40. Kc1 Nc5
41. Qh3+ Kg7 42. Bxb5 Qe4 0-1

[Event "Bad Wörishofen op 2012 28th"]
[Site "Bad Wörishofen (2.3.-10.3)"]
[Date "2012.03.02"]
[Round "1.38"]
[White "Felgendreher, Heiko"]
[Black "Kluegel, Jan"]
[Result "1-0"]
[WhiteElo "2142"]
[BlackElo "1834"]
[PlyCount "60"]
[EventDate "2012.03.??"]
[EventType "swiss"]
[EventRounds "9"]
[EventCountry "GER"]
[SourceDate "2013.02.18"]
[WhiteTeam "Mörlenbach-Birkenau FB"]
[BlackTeam "Rendsburg VHS SV"]

1. e4 c6 2. d4 d5 3. exd5 cxd5 4. c4 Nf6 5. Nc3 Nc6 6. Bg5 Ne4 7. Nxe4 dxe4 8.
d5 Ne5 9. Qd4 f6 10. Qxe4 Qb6 11. Be3 Qxb2 12. Rb1 Qxa2 13. Ne2 g6 14. Nc3 Qa5
15. Qd4 Bg7 16. f4 Nf7 17. Bd2 Qd8 18. c5 O-O 19. Bc4 Kh8 20. O-O e5 21. Qf2 f5
22. Rfe1 e4 23. Nb5 Nh6 24. h3 Ng8 25. Red1 a6 26. Nd6 Qf6 27. Be3 Qe7 28. Rb6
Nf6 29. Rdb1 Rd8 30. Nxc8 Qxc5 1-0

[Event "Bad Wörishofen op 2012 28th"]
[Site "Bad Wörishofen (2.3.-10.3)"]
[Date "2012.03.02"]
[Round "1.39"]
[White "Schinnerl, Werner"]
[Black "Leiber, Bernard"]
[Result "0-1"]
[WhiteElo "1854"]
[BlackElo "2119"]
[PlyCount "134"]
[EventDate "2012.03.??"]
[EventType "swiss"]
[EventRounds "9"]
[EventCountry "GER"]
[SourceDate "2013.02.18"]
[WhiteTeam "AUT/Reutte"]
[BlackTeam "Osnabrück SV"]
[WhiteTeamCountry "AUT"]

1. e4 c6 2. d4 d5 3. e5 Bf5 4. h4 h6 5. g4 Be4 6. f3 Bh7 7. Bd3 Bxd3 8. Qxd3 e6
9. Ne2 Ne7 10. Ng3 Nd7 11. f4 c5 12. c3 Qb6 13. Nd2 cxd4 14. cxd4 Nc6 15. Nf3
Nb4 16. Qd1 Qb5 17. Ne2 Rc8 18. O-O h5 19. g5 g6 20. Nc3 Qd3 21. Qxd3 Nxd3 22.
Rd1 Nb4 23. a3 Nc6 24. Bd2 a6 25. b4 Nb6 26. Rac1 Nc4 27. Na4 b5 28. Nc5 Nxd2
29. Nxd2 Nxd4 30. Kf2 Bxc5 31. bxc5 Kd7 32. Rb1 Rc6 33. Rb4 Nf5 34. Nb3 Rhc8
35. a4 bxa4 36. Rxa4 Nxh4 37. Rb4 Nf5 38. Rb7+ R8c7 39. Rb8 Rc8 40. Rb7+ Ke8
41. Rb6 Ne7 42. Ra1 Rxb6 43. cxb6 Rb8 44. Rxa6 Nc8 45. Nc5 Rxb6 46. Ra8 Rc6 47.
Nb7 Ke7 48. Na5 Rc7 49. Rb8 Kd7 50. Nb3 Rc2+ 51. Kf1 Kc7 52. Ra8 Kb7 53. Ra1
Nb6 54. Rb1 Kc7 55. Nd4 Rc4 56. Rd1 Rb4 57. Ke2 Nc4 58. Ra1 Kb7 59. Ra2 Rb2+
60. Rxb2+ Nxb2 61. Nb5 Nc4 62. Nd4 Kb6 63. f5 exf5 64. Nxf5 gxf5 65. e6 fxe6
66. g6 Ne5 67. g7 Ng4 0-1

[Event "Bad Wörishofen op 2012 28th"]
[Site "Bad Wörishofen (2.3.-10.3)"]
[Date "2012.03.02"]
[Round "1.40"]
[White "Tennstedt, Andreas Dr"]
[Black "Ditmas, Hugh"]
[Result "1/2-1/2"]
[WhiteElo "2106"]
[BlackElo "1883"]
[PlyCount "54"]
[EventDate "2012.03.??"]
[EventType "swiss"]
[EventRounds "9"]
[EventCountry "GER"]
[SourceDate "2013.02.18"]
[WhiteTeam "Griesheim(DA) SV"]
[BlackTeam "Bremer 1877 SG"]

1. d4 Nf6 2. c4 e6 3. Nc3 Bb4 4. Bg5 h6 5. Bh4 c5 6. d5 Bxc3+ 7. bxc3 d6 8. e3
e5 9. Qc2 Nbd7 10. Nf3 Qe7 11. Nd2 e4 12. Be2 g5 13. Bg3 Nf8 14. h4 Rg8 15.
hxg5 hxg5 16. Rb1 Kd8 17. Rh6 Ng6 18. Qa4 Kc7 19. Qa5+ b6 20. Rxb6 axb6 21.
Qxa8 Bb7 22. Qa4 Ra8 23. Qc2 Bc8 24. Qb1 Bf5 25. Qb5 Bd7 26. Qb1 Bf5 27. Qb5
Bd7 1/2-1/2

[Event "Bad Wörishofen op 2012 28th"]
[Site "Bad Wörishofen (2.3.-10.3)"]
[Date "2012.03.02"]
[Round "1.41"]
[White "Klein, Reinhard"]
[Black "Roth, Martin(66)"]
[Result "1/2-1/2"]
[WhiteElo "1752"]
[BlackElo "2070"]
[PlyCount "84"]
[EventDate "2012.03.??"]
[EventType "swiss"]
[EventRounds "9"]
[EventCountry "GER"]
[SourceDate "2013.02.18"]
[WhiteTeam "München RTA"]
[BlackTeam "Laupheim SC"]

1. d4 Nf6 2. Nf3 e6 3. Bg5 d5 4. e3 Be7 5. c4 O-O 6. Nc3 c6 7. c5 b6 8. b4 a5
9. a3 Ba6 10. Bxa6 Rxa6 11. O-O b5 12. Qd3 Nbd7 13. Bf4 Qa8 14. Rac1 axb4 15.
axb4 Qa7 16. h3 Nh5 17. Bh2 f5 18. Ne5 Nhf6 19. Nxd7 Qxd7 20. Be5 Ne4 21. f3
Nxc3 22. Qxc3 Rfa8 23. e4 Ra3 24. Qe1 g6 25. exf5 exf5 26. Rc3 Bf8 27. Rxa3
Rxa3 28. Qc1 Ra4 29. Qc3 Qa7 30. g4 Ra3 31. Qe1 Qd7 32. Qc1 Ra4 33. Qb2 Bg7 34.
Re1 Qf7 35. Re3 fxg4 36. hxg4 Bxe5 37. dxe5 Qf4 38. Rb3 Qg3+ 39. Kf1 Ra8 40. e6
Qh3+ 41. Kg1 Qg3+ 42. Kf1 Qh3+ 1/2-1/2

[Event "Bad Wörishofen op 2012 28th"]
[Site "Bad Wörishofen (2.3.-10.3)"]
[Date "2012.03.02"]
[Round "1.42"]
[White "Ballon, Guenther Jan"]
[Black "Wilms, Robert"]
[Result "1-0"]
[WhiteElo "2164"]
[BlackElo "1867"]
[PlyCount "93"]
[EventDate "2012.03.??"]
[EventType "swiss"]
[EventRounds "9"]
[EventCountry "GER"]
[SourceDate "2013.02.18"]
[WhiteTeam "NED/Niederlande"]
[BlackTeam "Hamburg 1934 SF"]
[WhiteTeamCountry "NED"]

1. d4 g6 2. c4 Bg7 3. e4 d6 4. Nc3 Nf6 5. f3 O-O 6. Bg5 Nbd7 7. Nh3 a6 8. Qd2
Re8 9. Nf2 c5 10. d5 Rb8 11. Be2 Qa5 12. O-O b5 13. cxb5 axb5 14. a4 b4 15. Nb5
Bb7 16. b3 Ba6 17. Ra2 h5 18. Rc1 Nh7 19. Be3 Red8 20. g3 Bxb5 21. Bxb5 Bc3 22.
Qe2 Ne5 23. Nd1 Nxf3+ 24. Qxf3 Rxb5 25. Rf2 Rb7 26. Qxf7+ Kh8 27. Qxg6 Rg8 28.
Qxh5 Bf6 29. Nb2 Qd8 30. Nc4 Qe8 31. Qxe8 Rxe8 32. h4 Bc3 33. e5 Rg8 34. Kg2
dxe5 35. Bxc5 Nf6 36. Bxe7 Ne4 37. Rf7 Rxg3+ 38. Kh2 Kg8 39. Rcf1 Ra7 40. Rf8+
Kh7 41. d6 Nd2 42. Nxd2 Bxd2 43. Bf6 Bf4 44. Rh8+ Kg6 45. Rg8+ Kxf6 46. Rxg3
Ke6 47. Rxf4 1-0

[Event "Bad Wörishofen op 2012 28th"]
[Site "Bad Wörishofen (2.3.-10.3)"]
[Date "2012.03.02"]
[Round "1.43"]
[White "Schreib, Marc"]
[Black "Keller, Manfred(45)"]
[Result "0-1"]
[WhiteElo "1741"]
[BlackElo "2127"]
[PlyCount "120"]
[EventDate "2012.03.??"]
[EventType "swiss"]
[EventRounds "9"]
[EventCountry "GER"]
[SourceDate "2013.02.18"]
[WhiteTeam "Deisenhofen SF"]
[BlackTeam "Pang/Rosenheim SG"]

1. d4 Nf6 2. Nf3 g6 3. Bg5 Bg7 4. Nbd2 O-O 5. c3 d6 6. e4 c5 7. Be2 cxd4 8.
cxd4 Nc6 9. h3 h6 10. Be3 e5 11. dxe5 dxe5 12. O-O Be6 13. Qa4 Nh5 14. Rfd1 Qf6
15. Bc4 Nd4 16. Bxe6 fxe6 17. Kf1 b5 18. Qa6 Nc2 19. Rac1 Ng3+ 20. Kg1 Ne2+ 21.
Kh1 Nxc1 22. Rxc1 Nxe3 23. fxe3 Qe7 24. Rc6 Rae8 25. Nb3 Qb4 26. Rxe6 Qxe4 27.
Nc5 Qxe3 28. Nd7 Qc1+ 29. Kh2 Qf4+ 30. Kh1 Rxe6 31. Qxe6+ Qf7 32. Nxf8 Kxf8 33.
Qc8+ Qe8 34. Qc5+ Kg8 35. Qxa7 e4 36. Qe3 Bxb2 37. Qb3+ Qf7 38. Qxb2 exf3 39.
gxf3 Qxf3+ 40. Kh2 Qf4+ 41. Kg2 b4 42. Qb3+ Kf8 43. Qe6 h5 44. Qc8+ Kg7 45.
Qd7+ Kh6 46. Qe6 h4 47. Kg1 Qf5 48. Qb3 Qc5+ 49. Kf1 Qc1+ 50. Ke2 Qf4 51. Qe6
Qf5 52. Qb3 Qe4+ 53. Kf2 g5 54. Kg1 g4 55. hxg4 Qxg4+ 56. Kh2 Kg5 57. Qd5+ Qf5
58. Qd8+ Kf4 59. Qb8+ Kf3 60. Qb7+ Qe4 0-1

[Event "Bad Wörishofen op 2012 28th"]
[Site "Bad Wörishofen (2.3.-10.3)"]
[Date "2012.03.02"]
[Round "1.45"]
[White "Marzec, Witold"]
[Black "Kugelmann, Werner"]
[Result "0-1"]
[WhiteElo "1729"]
[BlackElo "2091"]
[PlyCount "66"]
[EventDate "2012.03.??"]
[EventType "swiss"]
[EventRounds "9"]
[EventCountry "GER"]
[SourceDate "2013.02.18"]
[WhiteTeam "Bonner SG "L""]
[BlackTeam "Wertingen TSV"]

1. d4 Nf6 2. c4 g6 3. Nc3 Bg7 4. e4 d6 5. h3 O-O 6. Nf3 Nbd7 7. Bd3 e5 8. d5
Nc5 9. Bc2 a5 10. O-O Bd7 11. Bg5 h6 12. Be3 b6 13. a3 Na6 14. Ne1 Nh5 15. Nd3
Nc5 16. Nxc5 bxc5 17. Ne2 Qh4 18. Kh2 Nf4 19. Nxf4 exf4 20. Bc1 g5 21. Qd3 Be5
22. Kg1 f5 23. f3 Rae8 24. Qd2 fxe4 25. Bxe4 Bd4+ 26. Kh1 Bxh3 27. Qe1 Qh5 28.
Rf2 Bf5+ 29. Kg1 Bxe4 30. fxe4 Qh4 31. Rb1 Rxe4 32. Qxe4 Qxf2+ 33. Kh2 Qh4# 0-1

[Event "Bad Wörishofen op 2012 28th"]
[Site "Bad Wörishofen (2.3.-10.3)"]
[Date "2012.03.02"]
[Round "1.46"]
[White "Kannenberg, Karl-Heinz"]
[Black "Klaus, Daniel(64)"]
[Result "1-0"]
[WhiteElo "2139"]
[BlackElo "1894"]
[PlyCount "75"]
[EventDate "2012.03.??"]
[EventType "swiss"]
[EventRounds "9"]
[EventCountry "GER"]
[SourceDate "2013.02.18"]
[WhiteTeam "Kitzingen SC"]
[BlackTeam "Möglingen SF"]

1. d4 d5 2. Nf3 Nf6 3. e3 Bg4 4. h3 Bh5 5. g4 Bg6 6. Ne5 Nfd7 7. Nxg6 hxg6 8.
Bg2 c6 9. c4 e6 10. Qb3 Qc7 11. Nc3 dxc4 12. Qxc4 Nb6 13. Qd3 Be7 14. Bd2 N8d7
15. Rc1 Rd8 16. Qe2 Kf8 17. e4 Qb8 18. Be3 c5 19. d5 exd5 20. exd5 Re8 21. O-O
a5 22. Rce1 Kg8 23. Qf3 Ne5 24. Qg3 Bh4 25. Qh2 Qd8 26. Bxc5 Nxg4 27. Qf4 Nf6
28. d6 Rh5 29. b4 Rxe1 30. Rxe1 Bg5 31. Qd4 Rh4 32. Ne4 Nbd5 33. Qe5 Bf4 34.
Nxf6+ Nxf6 35. Qe7 Qd7 36. Qxd7 Nxd7 37. Bxb7 Rxh3 38. Bc8 1-0

[Event "Bad Wörishofen op 2012 28th"]
[Site "Bad Wörishofen (2.3.-10.3)"]
[Date "2012.03.02"]
[Round "1.47"]
[White "Pirrot, Dieter"]
[Black "Ries, Berthold"]
[Result "1-0"]
[WhiteElo "2316"]
[BlackElo "1833"]
[PlyCount "71"]
[EventDate "2012.03.??"]
[EventType "swiss"]
[EventRounds "9"]
[EventCountry "GER"]
[SourceDate "2013.02.18"]
[WhiteTeam "Hofheim(Taunus) SV"]
[BlackTeam "Ebersberg"]

1. e4 c5 2. c3 d5 3. exd5 Qxd5 4. d4 Nf6 5. Nf3 Bg4 6. Nbd2 e6 7. Qa4+ Nc6 8.
Bc4 Qd8 9. Ne5 Qc7 10. Bb5 Rc8 11. Ndc4 Bd6 12. Nxg4 Nxg4 13. d5 Nxf2 14. Kxf2
exd5 15. Nxd6+ Qxd6 16. Re1+ Kf8 17. Bf4 Qd7 18. Kg1 a6 19. Bxc6 Qxc6 20. Qxc6
Rxc6 21. Rad1 Re6 22. Rxe6 fxe6 23. Bd6+ Kf7 24. Rf1+ Kg6 25. Bxc5 Rc8 26. Bd4
Rc7 27. Rf3 h5 28. Rg3+ Kh6 29. a4 g6 30. Rf3 b5 31. a5 Re7 32. Be5 g5 33. Rf6+
Kh7 34. Kf2 g4 35. Kg3 Kg8 36. Kh4 1-0

[Event "Bad Wörishofen op 2012 28th"]
[Site "Bad Wörishofen (2.3.-10.3)"]
[Date "2012.03.02"]
[Round "1.48"]
[White "Kozlov, Alexander"]
[Black "Moors, Marc"]
[Result "1-0"]
[WhiteElo "2128"]
[BlackElo "1879"]
[PlyCount "21"]
[EventDate "2012.03.??"]
[EventType "swiss"]
[EventRounds "9"]
[EventCountry "GER"]
[SourceDate "2013.02.18"]
[WhiteTeam "Schwegenheim SC"]
[BlackTeam "Brasschaat SK"]

1. d4 Nf6 2. c4 g6 3. Nc3 d5 4. cxd5 Nxd5 5. Bd2 Bg7 6. e4 Nf6 7. Bf4 O-O 8.
Be2 c5 9. d5 Qa5 10. Qd2 Bg4 11. e5 1-0

[Event "Bad Wörishofen op 2012 28th"]
[Site "Bad Wörishofen (2.3.-10.3)"]
[Date "2012.03.02"]
[Round "1.49"]
[White "Bigott, Martin"]
[Black "Kottenhoff, Roland"]
[Result "0-1"]
[WhiteElo "1778"]
[BlackElo "1806"]
[PlyCount "42"]
[EventDate "2012.03.??"]
[EventType "swiss"]
[EventRounds "9"]
[EventCountry "GER"]
[SourceDate "2013.02.18"]
[WhiteTeam "Lohmar SF"]
[BlackTeam "Bad Salzig Sfr."]

1. d4 Nf6 2. Nf3 c5 3. c3 cxd4 4. cxd4 g6 5. g3 Bg7 6. Bg2 O-O 7. O-O d6 8. Nc3
Nc6 9. d5 Ne5 10. Nd4 a6 11. h3 h6 12. Kh2 g5 13. f4 gxf4 14. gxf4 Ng6 15. f5
Ne5 16. a4 Bd7 17. Rg1 Kh7 18. e4 Rg8 19. Bf4 Rc8 20. Bf1 Qb6 21. Rb1 Qxd4 0-1

[Event "Bad Wörishofen op 2012 28th"]
[Site "Bad Wörishofen (2.3.-10.3)"]
[Date "2012.03.02"]
[Round "1.50"]
[White "Stiller, Patrick Dr"]
[Black "Wiessner, Johann"]
[Result "1-0"]
[WhiteElo "2146"]
[BlackElo "1755"]
[PlyCount "51"]
[EventDate "2012.03.??"]
[EventType "swiss"]
[EventRounds "9"]
[EventCountry "GER"]
[SourceDate "2013.02.18"]
[WhiteTeam "Ulm Post SV"]
[BlackTeam "Lechhausen SC"]

1. c4 c6 2. d4 d5 3. Nf3 Nf6 4. Nc3 e6 5. e3 Nbd7 6. Qc2 Bd6 7. Be2 O-O 8. O-O
Re8 9. Rd1 dxc4 10. Bxc4 Nd5 11. e4 Nxc3 12. Qxc3 b5 13. Bb3 Bb7 14. e5 Be7 15.
Bf4 Nb6 16. Qd3 Nd5 17. Bd2 a6 18. Qe4 Rc8 19. Qg4 Kh8 20. Bc2 c5 21. Ng5 Bxg5
22. Bxg5 Qb6 23. Qh4 g6 24. Qh6 Rg8 25. dxc5 Qxc5 26. Rxd5 1-0

[Event "Bad Wörishofen op 2012 28th"]
[Site "Bad Wörishofen (2.3.-10.3)"]
[Date "2012.03.02"]
[Round "1.51"]
[White "Herold, Gunther"]
[Black "Weisenburger, Horst"]
[Result "0-1"]
[WhiteElo "1723"]
[BlackElo "2100"]
[PlyCount "48"]
[EventDate "2012.03.??"]
[EventType "swiss"]
[EventRounds "9"]
[EventCountry "GER"]
[SourceDate "2013.02.18"]
[WhiteTeam "Obergünzburg SC"]
[BlackTeam "Böblingen SC"]

1. f4 d5 2. Nf3 Nf6 3. e3 g6 4. b3 Bg7 5. Bb2 O-O 6. Be2 c5 7. O-O Nc6 8. Ne5
Qc7 9. Nxc6 Qxc6 10. Bf3 b5 11. a4 b4 12. c4 Ba6 13. Bxf6 Qxf6 14. Ra2 dxc4 15.
Bxa8 cxb3 16. Qxb3 Bxf1 17. Kxf1 Rxa8 18. Rc2 Qd6 19. Qc4 e5 20. g3 exf4 21.
gxf4 Qc6 22. Kg1 Qxa4 23. Qxc5 a5 24. d4 Qb3 0-1

[Event "Bad Wörishofen op 2012 28th"]
[Site "Bad Wörishofen (2.3.-10.3)"]
[Date "2012.03.02"]
[Round "1.52"]
[White "Daeubler, Heinrich"]
[Black "Koelbl, Jonathan"]
[Result "1-0"]
[WhiteElo "2049"]
[BlackElo "1848"]
[PlyCount "87"]
[EventDate "2012.03.??"]
[EventType "swiss"]
[EventRounds "9"]
[EventCountry "GER"]
[SourceDate "2013.02.18"]
[WhiteTeam "Amberg Siemens SG"]
[BlackTeam "Klosterlechfeld SK"]

1. d4 d6 2. c4 c6 3. Nc3 Nf6 4. e4 e5 5. d5 cxd5 6. cxd5 Be7 7. Bb5+ Bd7 8. Qa4
Bxb5 9. Qxb5+ Qd7 10. Bg5 a6 11. Qe2 b5 12. Bxf6 Bxf6 13. Nf3 Qb7 14. O-O Nd7
15. Rac1 O-O 16. Rc2 Rfb8 17. b3 a5 18. Rfc1 g6 19. Nb1 Nc5 20. Nbd2 b4 21. Nc4
Be7 22. Nb2 Bf8 23. Nd2 Bh6 24. Rxc5 dxc5 25. Rxc5 Rc8 26. Rxc8+ Rxc8 27. Ndc4
f5 28. g3 fxe4 29. Qxe4 Rc5 30. Qh4 Bc1 31. Qd8+ Kg7 32. Nd6 Qxd5 33. Nd3 e4
34. Nxc5 Qd1+ 35. Kg2 Qf3+ 36. Kh3 Qh5+ 37. Qh4 Qe5 38. Ncxe4 h5 39. Qf6+ Qxf6
40. Ne8+ Kf7 41. N8xf6 Ke6 42. f4 Bb2 43. Nh7 Kd5 44. Nd2 1-0

[Event "Bad Wörishofen op 2012 28th"]
[Site "Bad Wörishofen (2.3.-10.3)"]
[Date "2012.03.02"]
[Round "1.53"]
[White "Muench, Werner"]
[Black "Dewenter, Ulf"]
[Result "0-1"]
[WhiteElo "1647"]
[BlackElo "2071"]
[PlyCount "86"]
[EventDate "2012.03.??"]
[EventType "swiss"]
[EventRounds "9"]
[EventCountry "GER"]
[SourceDate "2013.02.18"]
[WhiteTeam "Widdern SC"]
[BlackTeam "Borbeck Weiße Dame"]

1. d4 d5 2. c4 e6 3. Nf3 Nf6 4. g3 c5 5. cxd5 exd5 6. Bg2 Nc6 7. O-O Be7 8. Nc3
O-O 9. Bg5 c4 10. Ne5 Be6 11. e4 Nxe4 12. Nxc6 bxc6 13. Bxe7 Qxe7 14. Nxe4 dxe4
15. Bxe4 Bd5 16. Bxd5 cxd5 17. Re1 Qb4 18. Qc2 Rab8 19. Re2 Rfe8 20. Rxe8+ Rxe8
21. Qc3 Qxc3 22. bxc3 Re2 23. Rb1 g6 24. Rb5 Rxa2 25. Rxd5 Ra3 26. Rd7 Kf8 27.
Rc7 Rxc3 28. Rxa7 Rd3 29. Kf1 Rxd4 30. Ke2 h5 31. Rc7 h4 32. Ke3 Rg4 33. Kf3 f5
34. h3 Rd4 35. g4 fxg4+ 36. hxg4 g5 37. Rc5 Rf4+ 38. Ke3 Rxg4 39. f3 Rg2 40.
Rxc4 h3 41. Rc1 h2 42. Rh1 Kf7 43. f4 g4 0-1

[Event "Bad Wörishofen op 2012 28th"]
[Site "Bad Wörishofen (2.3.-10.3)"]
[Date "2012.03.02"]
[Round "1.54"]
[White "Behling, Robert"]
[Black "Santos, Paulo"]
[Result "1-0"]
[WhiteElo "2066"]
[BlackElo "1690"]
[PlyCount "147"]
[EventDate "2012.03.??"]
[EventType "swiss"]
[EventRounds "9"]
[EventCountry "GER"]
[SourceDate "2013.02.18"]
[WhiteTeam "Augsburg Caissa SK"]
[BlackTeam "Lechhausen SC"]

1. c4 Nf6 2. Nc3 d5 3. cxd5 Nxd5 4. Nf3 g6 5. g3 Bg7 6. Bg2 O-O 7. O-O Nc6 8.
Qb3 Nb6 9. d3 Be6 10. Qc2 Qc8 11. Bf4 Nd5 12. Bd2 Nxc3 13. Bxc3 Bh3 14. Bxg7
Kxg7 15. Qc3+ Kg8 16. Rac1 Bxg2 17. Kxg2 Qd7 18. Qc5 Rfd8 19. Rc2 a6 20. Rfc1
Rac8 21. a3 e6 22. Qg5 Qd6 23. Rc5 Rd7 24. Qf6 e5 25. Qh4 f6 26. Qc4+ Kg7 27.
Qb3 Nd8 28. R5c2 c6 29. Nd2 Qd5+ 30. Qxd5 Rxd5 31. Nc4 Rc7 32. b4 Ne6 33. Kf1
Kf7 34. Na5 Nd4 35. Rc3 Ke7 36. a4 f5 37. Nc4 Kf6 38. h4 Re7 39. Nb6 Rd8 40. e3
Ne6 41. Ke2 f4 42. Rb1 h5 43. Kf3 g5 44. hxg5+ Nxg5+ 45. Kg2 f3+ 46. Kh2 Rh7
47. b5 axb5 48. axb5 Rd6 49. Nc4 Re6 50. Nd2 cxb5 51. Rxb5 h4 52. g4 Rd7 53.
Rcb3 Red6 54. d4 exd4 55. exd4 Rxd4 56. Nxf3 Nxf3+ 57. Rxf3+ Kg6 58. Kh3 Rd1
59. Rb6+ R1d6 60. Rxd6+ Rxd6 61. Kxh4 b5 62. Rb3 Rb6 63. Rb4 Rb7 64. f4 Rh7+
65. Kg3 Rb7 66. Kf3 Kf6 67. Ke4 Rb8 68. Kd5 Rg8 69. f5 Re8 70. Kc6 Rb8 71. Rxb5
Rc8+ 72. Kd7 Rc4 73. Rb6+ Kg5 74. Rg6+ 1-0

[Event "Bad Wörishofen op 2012 28th"]
[Site "Bad Wörishofen (2.3.-10.3)"]
[Date "2012.03.02"]
[Round "1.55"]
[White "Koch, Harald"]
[Black "Fehr, Axel Dr"]
[Result "0-1"]
[WhiteElo "1834"]
[BlackElo "2132"]
[PlyCount "28"]
[EventDate "2012.03.??"]
[EventType "swiss"]
[EventRounds "9"]
[EventCountry "GER"]
[SourceDate "2013.02.18"]
[WhiteTeam "Kissing SK"]
[BlackTeam "SUI/Chur SC(Brackweder SK)"]
[BlackTeamCountry "SUI"]

1. c4 d6 2. Nc3 e5 3. d3 Nf6 4. g3 g6 5. Nf3 Bg7 6. Bg2 O-O 7. O-O Nc6 8. Rb1
Nh5 9. Bd2 f5 10. b4 f4 11. b5 Nd4 12. a4 Bg4 13. e3 fxe3 14. Bxe3 Nxf3+ 0-1

[Event "Bad Wörishofen op 2012 28th"]
[Site "Bad Wörishofen (2.3.-10.3)"]
[Date "2012.03.02"]
[Round "1.56"]
[White "Neumann, Joachim(43)"]
[Black "Reichenbacher, Gerhard"]
[Result "0-1"]
[WhiteElo "2015"]
[BlackElo "1733"]
[PlyCount "74"]
[EventDate "2012.03.??"]
[EventType "swiss"]
[EventRounds "9"]
[EventCountry "GER"]
[SourceDate "2013.02.18"]
[WhiteTeam "Neumünster Agon SC"]
[BlackTeam "Coburger SV"]

1. d4 Nf6 2. c4 e6 3. g3 d5 4. Nf3 c5 5. Bg2 Be7 6. O-O dxc4 7. Qa4+ Bd7 8.
Qxc4 b5 9. Qd3 c4 10. Qc2 Bc6 11. Bf4 Be4 12. Qc1 Nd5 13. Nc3 Nxc3 14. bxc3 Qd5
15. a4 b4 16. Ne1 Bxg2 17. Nxg2 b3 18. Rd1 g5 19. Bd2 Nd7 20. Qb1 f5 21. Ne3
Qc6 22. d5 exd5 23. Qxf5 Nf6 24. Qe5 Qd6 25. Qd4 Qe6 26. Be1 Kf7 27. Nxd5 Nxd5
28. Qxd5 Rhd8 29. Qf3+ Kg6 30. Rd4 Rxd4 31. cxd4 Rb8 32. Bc3 Rf8 33. Qe3 Qxe3
34. fxe3 Kf5 35. Rf1+ Ke4 36. Rxf8 Bxf8 37. Kf2 Ba3 0-1

[Event "Bad Wörishofen op 2012 28th"]
[Site "Bad Wörishofen (2.3.-10.3)"]
[Date "2012.03.02"]
[Round "1.58"]
[White "Hornung, Hans Dr"]
[Black "Auschkalnis, Reinhard"]
[Result "1-0"]
[WhiteElo "2077"]
[BlackElo "1696"]
[PlyCount "37"]
[EventDate "2012.03.??"]
[EventType "swiss"]
[EventRounds "9"]
[EventCountry "GER"]
[SourceDate "2013.02.18"]
[WhiteTeam "Klosterlechfeld SK"]
[BlackTeam "Bonn Beuel SC"]

1. d4 d5 2. c4 dxc4 3. e3 Nf6 4. Bxc4 e6 5. Nf3 c5 6. O-O a6 7. Bb3 b5 8. a4
Bb7 9. axb5 axb5 10. Rxa8 Bxa8 11. Nc3 c4 12. Bc2 b4 13. Ba4+ Bc6 14. Ne5 Qb6
15. Nxc6 Nxc6 16. d5 exd5 17. Nxd5 Qc5 18. Nxf6+ gxf6 19. Qf3 1-0